Welcome to the Holygrace Academy Library

Please use search bar below to get started

DAISY LITTLE DANCER (Record no. 2397)

MARC details
000 -LEADER
fixed length control field 00268nam a22001217a 4500
020 ## - INTERNATIONAL STANDARD BOOK NUMBER
ISBN 07214-1924-0
082 ## - DEWEY DECIMAL CLASSIFICATION NUMBER
Classification number 823
Item number BIR/D
100 ## - MAIN ENTRY--AUTHOR NAME
Personal name BIRKINSHAW, MARIE
245 ## - TITLE STATEMENT
Title DAISY LITTLE DANCER
260 ## - PUBLICATION, DISTRIBUTION, ETC. (IMPRINT)
Place of publication UK
Name of publisher LADY BIRD
650 ## - SUBJECT ADDED ENTRY--TOPICAL TERM
Topical Term ENGLISH SHORT STORY
Geographic subdivision UK
942 ## - ADDED ENTRY ELEMENTS (KOHA)
Koha item type Books
Holdings
Withdrawn status Lost status Collection code Home library Current library Shelving location Date acquired Source of acquisition Full call number Accession Number Koha item type
    Fiction Main Library Main Library SHELF 3- C- LADY BIRD STORY BOOKS 19/03/2014 PURCHASE 823 BIR/D 06792 Books
    Fiction Main Library Main Library SHELF-3-H-LADYBIRD STORY BOOKS 17/05/2014 PURCHASE 823 BIR/D 09063 Books
    Fiction Main Library Main Library SHELF-3-H-LADYBIRD STORY BOOKS 27/03/2014 PURCHASE 823 BIR/D 08330 Books